Моделирование характеристик и дефектов трехфазных асинхронных машин: учебное пособие

書誌詳細
第一著者: Колесников В. В. Валерий Васильевич
要約:В учебном пособии рассматриваются аварийные режимы работы асинхронных двигателей, возникающие при различных коротких замыканиях и обрывах обмоток двигателей. Моделирование выполняется на основе библиотечной программы асинхронной машины в среде Matlab/Simulink, дополненной соответствующими блоками для получения годографов и спектров векторов Парка, а также мгновенной мощности. Пособие может быть использовано как при очном, так и дистанционном обучении студентов в различных учебных заведениях, где нет возможности выполнить исследования на реальной установке.
言語:ロシア語
出版事項: Санкт-Петербург, Лань, 2017
シリーズ:Бакалавриат и магистратура
Учебники для вузов. Специальная литература
主題:
フォーマット: 不明
KOHA link:https://koha.lib.tpu.ru/cgi-bin/koha/opac-detail.pl?biblionumber=338468

MARC

LEADER 00000nmm0a2200000 4500
001 338468
005 20231102005042.0
010 |a 9785811426737 
035 |a (RuTPU)RU\TPU\book\364969 
090 |a 338468 
100 |a 20171127d2017 m y0rusy50 ca 
101 0 |a rus 
102 |a RU 
105 |a a j 001zy 
200 1 |a Моделирование характеристик и дефектов трехфазных асинхронных машин  |e учебное пособие  |f В. В. Колесников 
210 |a Санкт-Петербург  |c Лань  |d 2017 
215 |a 144 с.  |c ил.  |e CD-ROM 
225 1 |a Бакалавриат и магистратура 
225 1 |a Учебники для вузов. Специальная литература 
320 |a Библиогр.: с. 139-140 
330 |a В учебном пособии рассматриваются аварийные режимы работы асинхронных двигателей, возникающие при различных коротких замыканиях и обрывах обмоток двигателей. Моделирование выполняется на основе библиотечной программы асинхронной машины в среде Matlab/Simulink, дополненной соответствующими блоками для получения годографов и спектров векторов Парка, а также мгновенной мощности. Пособие может быть использовано как при очном, так и дистанционном обучении студентов в различных учебных заведениях, где нет возможности выполнить исследования на реальной установке. 
606 1 |a Асинхронные электрические машины  |2 stltpush  |3 (RuTPU)RU\TPU\subj\29521  |9 52831 
610 1 |a неисправности 
610 1 |a асинхронные двигатели 
610 1 |a диагностирование 
610 1 |a методы 
610 1 |a пакеты программирования 
610 1 |a MATLAB 
610 1 |a библиотеки программ 
610 1 |a Simulink 
610 1 |a SimPowerSystems 
610 1 |a виртуальные лабораторные работы 
610 1 |a учебные пособия 
675 |a 621.313.33(075.8)  |v 4 
700 1 |a Колесников  |b В. В.  |g Валерий Васильевич 
801 1 |a RU  |b 63413507  |c 20171127 
801 2 |a RU  |b 63413507  |c 20190709  |g RCR 
942 |c MX 
959 |a 5/20170214  |d 3  |e 1369,00  |f ЧЗТЛ:1  |f УФ:2